Normal view MARC view

Entry Personal Name

Number of records used in: 1

001 - CONTROL NUMBER

  • control field: 16172

003 - CONTROL NUMBER IDENTIFIER

  • control field: OSt

005 - DATE AND TIME OF LATEST TRANSACTION

  • control field: 20211105134017.0

008 - FIXED-LENGTH DATA ELEMENTS

  • fixed length control field: 211105|| aca||aabn | a|a d

040 ## - CATALOGING SOURCE

  • Original cataloging agency: OSt
  • Transcribing agency: OSt

100 ## - HEADING--PERSONAL NAME

  • Personal name: Stodolsky, L., ed

670 ## - SOURCE DATA FOUND

  • Source citation: Work cat.: (OSt): Workshop on Low Temperature Detectors for Neutrinos and Dark Matter Tegernsee, Germany 1987 May 12-13 16169, Low temperature detectors for neutrinos and dark matter, 1987

Powered by Koha